000 00457 a2200169 4500
003 OSt
005 20240203133703.0
008 240111b |||||||| |||| 00| 0 eng d
020 _a9789382581154
040 _coclc
082 _a297
_bKAK/N
100 _aKakkad, Hussain
_910368
245 _aNalekku Vendi / Hussain Kakkad
260 _aKerala:
_bDa'wa books
_c2018.
300 _a120p
942 _2ddc
_cBK
_h297
_iKAK/N
_k297
_mKAK/N
999 _c43119
_d43119